[Event "ESP-chT CECLUB Div2"]
[Site "Linares"]
[Date "2023.08.13"]
[Round "1.25"]
[White "Follana Albelda, Lucia"]
[Black "Rodrigues Do Nascimiento Pere, Marta"]
[Result "1-0"]
[WhiteElo "1887"]
[BlackElo "1690"]
[PlyCount "74"]
[EventDate "2023.08.13"]
[EventType "team-swiss"]
[EventRounds "7"]
[EventCountry "ESP"]
[SourceTitle "EXT 2024"]
[Source "ChessBase"]
[SourceDate "2023.10.10"]
[SourceVersion "1"]
[SourceVersionDate "2023.10.10"]
[SourceQuality "1"]
[WhiteTeam "Manises Eva"]
[BlackTeam "Oromana Antonio Sancho"]
[WhiteTeamCountry "ESP"]
[BlackTeamCountry "ESP"]

1. e4 c5 2. Nf3 d6 3. d4 cxd4 4. Nxd4 Nf6 5. Nc3 Nc6 6. Bg5 e5 7. Ndb5 a6 8. Na3 Be7 9. Bxf6 Bxf6 10. Nc4 Nd4 11. Nd5 b5 12. Ncb6 Rb8 13. Nxc8 Rxc8 14. c3 Nc6 15. a4 0-0 16. axb5 axb5 17. Bxb5 Nb8 18. 0-0 Nd7 19. Bxd7 Qxd7 20. Nb6 Qb7 21. Nxc8 Rxc8 22. Qe2 d5 23. exd5 Qxd5 24. Ra6 Rb8 25. b4 e4 26. c4 Qd3 27. Qxd3 exd3 28. c5 Bc3 29. b5 d2 30. Rd6 g6 31. b6 Bb4 32. Rd5 Kg7 33. g3 Kf6 34. Rb1 Bc3 35. c6 Re8 36. Rf1 Re1 37. c7 Ke6 1-0